Statistiques concernant Incollable #33 - Loisir

Cliquez ici pour prendre le quiz!

Statistiques générales

  • Ce quiz a été pris 240 fois
  • Le résultat moyen est 9 sur 14

Statistiques - réponses

NiveauxQuestionsRéponses% Correct
CE1Comment appelle-t-on les personnes qui jouent dans les films ?Les acteurs | Les comédiens
98%
CM1Comment appelle-t-on le type de danse que l’on peut pratiquer en tutu ?La danse classique
90%
CE1En couture, comment appelle-t-on le petit objet servant à protéger le doigt des piqûres d’aiguille ?Le dé
89%
CPDans la chanson, que fait le meunier pendant que le moulin va trop vite ?Il dort
87%
CollègeDans l’Antiquité, dans quel pays sont né les premier Jeux Olympiques ?La Grèce
86%
CE2Dans le film, combien d’années sort la Belle au bois dormant ?100 ans
81%
CollègeEn cinq lettres: récompense prestigieuse décernée dans le monde du cinéma en France ?César
76%
CE2Dans le dessin animé de Walt Disney, comment s’appellent les deux souris qui volent au secours d’une petite fille ?Bernard et Bianca
54%
CPQuel est le métier d’Henry Dès ?Chanteur
54%
CM2Quel est le prénom de la fiancée de Spiderman ?Mary Jane
51%
LycéeAu rugby, quel terme signifie « coup de pied en demi-volée qui envoie la balle entre les poteaux adverses » ?Le drop
34%
LycéeDans quel sport change-t-on de braquet ?Le cyclisme (le braquet permet le changement de vitesse)
29%
CM2Au cirque, comment s’appelle le présentateur ?Monsieur Loyal
27%
CM1Dans le film d’animation Là-haut sorti en 2009, comment se nomme le personnage du jeune scout ?Russell
12%

Distribution des résultats

Percentile par nombre de réponses

% des personnes avec chaque résultat

Votre développement - résultats

Vous n’avez pas pris ce quiz